Formes de pays non frontaliers fusionnées - Statistiques

Statistiques générales
  • Ce quiz a été pris 56 fois
  • Le résultat moyen est 7 sur 12
Statistiques - réponses
Par images Réponse % Correct
Frèce (France+Grèce)
100%
Panamindonésie (Panama+Indonésie)
74%
Namigypte (Namibie+Egypte)
68%
Vénézuêt Nam (Vénézuéla+Viêt Nam)
64%
Erythriche (Erythrée+Autriche)
62%
Pérouguay (Pérou+Paraguay)
55%
Turquolombie (Turquie+Colombie)
51%
Slovénypre (Slovénie+Chypre)
49%
Sénéldavie (Sénégal+Moldavie)
47%
Thaïlanzanie (Thaïlande+Tanzanie)
45%
Mauritanie-Nouvelle-Guinée (Mauritanie+Papouasie)
36%
Allomagne (Allemagne+Oman)
23%
Aucun quiz correspondant
Distribution des résultats
% des personnes avec chaque résultat
Percentile par nombre de réponses
Votre historique - résultats
Vous n’avez pas pris ce quiz